000 00505nam a2200217Ia 4500
008 210210b2006 xxu||||| |||| 00| 0 eng d
020 _a8183240615
041 _aeng
082 _a331.31 CHAC
100 _aCHAKRABORTY (Sudip)
245 _aChild labour in rural context
260 _aNew Delhi
_bMittal Publications
_c2006
300 _axi,278
650 _arural
650 _alabour
650 _ain
650 _acontext
650 _aChild
690 _aChild Labour
906 _aSG04975
999 _c117834
_d117834